| 000 | 00359nam a22001577a 4500 | ||
|---|---|---|---|
| 003 | SGT | ||
| 020 | _a9788120722729 | ||
| 082 |
_a615.321 _bA10S |
||
| 100 | _aSHARMA, SUMEET | ||
| 245 | _aAROMATHERAPY | ||
| 260 |
_aNEW DELHI _bSTERLING PUB. _c2010 |
||
| 300 | _a160 | ||
| 650 | _aNATUROPATHY | ||
| 653 | _aAROMA, THERAPY, AROMA THERAPY | ||
| 942 |
_2ddc _cBK _01 |
||
| 999 |
_c24509 _d24509 |
||